000 00629nam a2200241Ia 4500
001 dia_2892
003 CHAP
005 20230515134908.0
008 220117s1993 xx 000 0 und d
010 _a173392
040 _cCHAP
082 _a660.6 B3
100 _aBains, William
_99471
245 _aBiotechnology From A to Z /
_c by William Bains
260 _aNew york, Oxford University press
_c1993
300 _a358 p.
500 _aC/e
650 _aBiotecnología
_912878
901 _a660.6 B3
902 _aM
905 _a0000001993 NEWA 0000000000ING00
942 _cLIBRO
_2ddc
999 _c173392
_d173392